Neuilly sur Seine ou Neuilly Plaisance ? - Statistiques

Statistiques générales
  • Ce quiz a été pris 33 fois
  • Le résultat moyen est 10 sur 15
Statistiques - réponses
Question Réponse % Correct
Est situé non loin du quartier d'affaire de la Défense Neuilly sur Seine
96%
Est la commune la plus proche du Val de Marne Neuilly-Plaisance
93%
Est desservi par une ligne de métro Neuilly sur Seine
82%
A pour gentilés les nocéens Neuilly-Plaisance
79%
A une population supérieure à 20 000 habitants Les deux
75%
A un autre homonyme dans son département Neuilly-Plaisance
75%
A une gare de RER située à proximité d'un cours d'eau Neuilly-Plaisance
75%
Faisait partie de l'ancienne Seine et Oise Neuilly-Plaisance
71%
Est desservi par le RER A Neuilly-Plaisance
71%
A une densité supérieure à 15 000 habitants par km2 Neuilly sur Seine
64%
Est limitrophe d'un bois Neuilly sur Seine
50%
Est limitrophe d'un autre département Les deux
46%
Est situé dans la petite couronne Les deux
36%
Est traversé par le RER A Les deux
25%
Est une des communes les plus riches de son département Les deux
25%
Aucun quiz correspondant
Distribution des résultats
% des personnes avec chaque résultat
Percentile par nombre de réponses
Votre historique - résultats
Vous n’avez pas pris ce quiz